| 000 | 01164nam a2200229Ia 4500 | ||
|---|---|---|---|
| 001 | L330-48060 | ||
| 003 | IT-CnALBA | ||
| 008 | 170116s9999||||xx |||||||||||||| ||und|| | ||
| 040 |
_aIT-CnALBA _cIT-CnALBA |
||
| 041 | _aITALIANO | ||
| 100 | _aRUINI CAMILLO, CARDINALE | ||
| 245 | 0 | _aSIR. SERVIZIO INFORMAZIONE RELIGIOSA. 10 ANNI. | |
| 250 | _a1a ed. | ||
| 260 |
_bSPED.IM LITOGR., MONTECOM. RO' _cn.d. |
||
| 300 | _a58 p. | ||
| 500 | _aBUSTAFFA P. FALLANI G. BOFFO D. GIULIODORI C. BONINI F. CORGNALI D. NISSIM M.G. PAROLA E CONSUMO. PROMESSA MANTENUTA. ONQUIETUDINE UMILTÀ E QUALITÀ. DIFESA LINGUA ITALIANA. SINERGICI. MEDIA. CULTURA E COMUNICAZIONE. INFORMAZIONE RELIGIOSA. VOLONTARI DELLA | ||
| 501 | _aSocietà San Paolo EM - Piazza San Paolo, 14 - 12051 ALBA (CN) (non commercial uses only) ® Copyright 2017 | ||
| 520 | _aBUSTAFFA P. FALLANI G. BOFFO D. GIULIODORI C. BONINI F. CORGNALI D. NISSIM M.G. PAROLA E CONSUMO. PROMESSA MANTENUTA. ONQUIETUDINE UMILTÀ E QUALITÀ. DIFESA LINGUA ITALIANA. SINERGICI. MEDIA. CULTURA E COMUNICAZIONE. INFORMAZIONE RELIGIOSA. VOLONTARI DELLA | ||
| 650 | _aECONOMIA | ||
| 942 | _cBK | ||
| 957 | _71 | ||
| 999 |
_a54575 _bNO _g Copie: 1 _c306981 _d306981 |
||